Total quality management (Record no. 18335)

MARC details
000 -LEADER
fixed length control field 00580nam a2200193Ia 4500
008 - FIXED-LENGTH DATA ELEMENTS--GENERAL INFORMATION
fixed length control field 220501s2019 xx 000 0 eng d
020 ## - INTERNATIONAL STANDARD BOOK NUMBER
International Standard Book Number 9789352865291
082 ## - DEWEY DECIMAL CLASSIFICATION NUMBER
Classification number 658.4013 BES-T
100 ## - MAIN ENTRY--PERSONAL NAME
Personal name Besterfield, Dale H.
245 #0 - TITLE STATEMENT
Title Total quality management
Statement of responsibility, etc Dale H. Besterfield, Mary Besterfield Michna and Glen H Besterfield
250 ## - EDITION STATEMENT
Edition statement 5th
260 ## - PUBLICATION, DISTRIBUTION, ETC. (IMPRINT)
Place of publication, distribution, etc Noida
Name of publisher, distributor, etc Pearson
Date of publication, distribution, etc 2019
300 ## - PHYSICAL DESCRIPTION
Extent / Pages xxi, 622p.
650 ## - SUBJECT ADDED ENTRY--TOPICAL TERM
Topical term or geographic name as entry element Operations Management
650 ## - SUBJECT ADDED ENTRY--TOPICAL TERM
Topical term or geographic name as entry element Total quality management
700 ## - ADDED ENTRY--PERSONAL NAME
Personal name Besterfield, Glen H
700 ## - ADDED ENTRY--PERSONAL NAME
Personal name Michna, Mary Besterfield
942 ## - ADDED ENTRY ELEMENTS (KOHA)
Source of classification or shelving scheme
Koha item type Books
Holdings
Withdrawn status Lost status Source of classification or shelving scheme Damaged status Not for loan Home library Current library Date acquired Source of acquisition Cost, normal purchase price Full call number Barcode Date last seen Copy number Bill Date Koha item type Bill Number
          SOBD Library SOBD Library 07/03/2019 Vedi Books 495.72 658.4013 BES-T1 000198 01/07/2022 1 26/02/2019 Reference Books 1134
          SOBD Library SOBD Library 07/03/2019 Vedi Books 495.72 658.4013 BES-T2 000199 20/03/2024 2 26/02/2019 Books 1134
          SOBD Library SOBD Library 07/03/2019 Vedi Books 495.72 658.4013 BES-T3 000200 01/07/2022 3 26/02/2019 Books 1134
          SOBD Library SOBD Library 07/03/2019 Vedi Books 495.72 658.4013 BES-T4 000201 01/07/2022 4 26/02/2019 Books 1134
          SOBD Library SOBD Library 07/03/2019 Vedi Books 495.72 658.4013 BES-T5 000202 01/07/2022 5 26/02/2019 Books 1134
Hosted, Implemented, Customized & Maintained by: BestBookBuddies

Powered by Koha